<?xml version="1.0" encoding="UTF-8" ?>
<collection xmlns="http://www.loc.gov/MARC21/slim"><record><leader>01161nam a2200289   4500</leader><controlfield tag="001">232398</controlfield><controlfield tag="003">CH-000273-5</controlfield><controlfield tag="005">20260401181125.0</controlfield><datafield tag="020" ind1=" " ind2=" "><subfield code="a">978-3-03942-313-2</subfield></datafield><datafield tag="040" ind1=" " ind2=" "><subfield code="a">CH-000273-5</subfield><subfield code="b">ger</subfield><subfield code="e">rda</subfield></datafield><datafield tag="041" ind1="0" ind2=" "><subfield code="a">ger</subfield></datafield><datafield tag="041" ind1="0" ind2=" "><subfield code="a">eng</subfield></datafield><datafield tag="100" ind1="1" ind2=" "><subfield code="a">Hefuna, Susan</subfield><subfield code="d">1962-</subfield><subfield code="e">Künstler</subfield><subfield code="4">art</subfield></datafield><datafield tag="245" ind1="1" ind2="0"><subfield code="a">Susan Hefuna</subfield><subfield code="c">Herausgeber/editor: Stephan Kunz, Bündner Kunstmuseum Chur ; Texte/texts: Stephan Kunz [und 4 weitere]</subfield></datafield><datafield tag="264" ind1=" " ind2="1"><subfield code="a">Zürich</subfield><subfield code="b">Scheidegger &amp; Spiess</subfield><subfield code="c">[2026]</subfield></datafield><datafield tag="300" ind1=" " ind2=" "><subfield code="a">239 Seiten</subfield><subfield code="b">Illustrationen</subfield><subfield code="c">30 cm</subfield></datafield><datafield tag="336" ind1=" " ind2=" "><subfield code="a">Text</subfield><subfield code="b">txt</subfield><subfield code="2">rdacontent</subfield></datafield><datafield tag="336" ind1=" " ind2=" "><subfield code="a">unbewegtes Bild</subfield><subfield code="b">sti</subfield><subfield code="2">rdacontent</subfield></datafield><datafield tag="337" ind1=" " ind2=" "><subfield code="a">ohne Hilfsmittel zu benutzen</subfield><subfield code="b">n</subfield><subfield code="2">rdamedia</subfield></datafield><datafield tag="338" ind1=" " ind2=" "><subfield code="a">Band</subfield><subfield code="b">nc</subfield><subfield code="2">rdacarrier</subfield></datafield><datafield tag="546" ind1=" " ind2=" "><subfield code="a">Paralleltexte deutsch und englisch</subfield></datafield><datafield tag="600" ind1="1" ind2="7"><subfield code="a">Hefuna, Susan</subfield><subfield code="d">1962-</subfield><subfield code="x">Arbeiten auf Papier</subfield><subfield code="x">Plastik</subfield><subfield code="y">Geschichte 1991-2025</subfield><subfield code="2">gnd</subfield></datafield><datafield tag="655" ind1=" " ind2="7"><subfield code="a">Ausstellungskatalog</subfield><subfield code="x">Bündner Kunstmuseum</subfield><subfield code="y">21.02.2026-26.07.2026</subfield><subfield code="z">Chur</subfield><subfield code="2">gnd-content</subfield></datafield><datafield tag="655" ind1=" " ind2="7"><subfield code="a">Bildband</subfield><subfield code="2">gnd-content</subfield></datafield><datafield tag="700" ind1="1" ind2=" "><subfield code="a">Kunz, Stephan</subfield><subfield code="d">1962-</subfield><subfield code="e">Herausgeber</subfield><subfield code="4">edt</subfield><subfield code="e">Verfasser</subfield><subfield code="4">aut</subfield></datafield><datafield tag="710" ind1="2" ind2=" "><subfield code="a">Bündner Kunstmuseum</subfield><subfield code="e">Veranstalter</subfield><subfield code="4">orm</subfield><subfield code="e">Herausgebendes Organ</subfield><subfield code="4">isb</subfield></datafield><datafield tag="852" ind1="4" ind2=" "><subfield code="a">CH-000273-5</subfield><subfield code="c">D 2026/0077</subfield></datafield></record></collection>